Actualidad del Recurso Extraordinario (Record no. 3985)
[ view plain ]
| 000 -CABECERA | |
|---|---|
| campo de control de longitud fija | 00502nam a2200193 4500 |
| 020 ## - NUMERO INTERNACIONAL NORMALIZADO PARA LIBROS (ISBN) | |
| International Standard Book Number | 9502008715 |
| 080 ## - NUMERO DE CLASIFICACION DECIMAL UNIVERSAL (CDU) | |
| Número de la Clasificación Decimal Universal | 347.957 M 815 |
| 100 ## - ASIENTO PRINCIPAL--NOMBRE PERSONAL | |
| Nombre personal | Morello, Augusto M. |
| 245 ## - MENCION DE TITULO | |
| Título propiamente dicho | Actualidad del Recurso Extraordinario |
| 260 ## - PUBLICACION, DISTRIBUCION, ETC. (PIE DE IMPRENTA) | |
| Lugar de publicación, distribución, etc. | La Plata |
| Nombre del editor, distribuidor, etc. | Librerìa Editora pPatense |
| Fecha de publicación, distribución, etc. | 1995 |
| 300 ## - DESCRIPCION FISICA | |
| Extensión | 459 p. |
| 650 ## - ASIENTO SECUNDARIO DE MATERIA - TERMINO TEMATICO | |
| Subdivisión general | Corte Suprema |
| 650 ## - ASIENTO SECUNDARIO DE MATERIA - TERMINO TEMATICO | |
| Subdivisión general | per saltum |
| 650 ## - ASIENTO SECUNDARIO DE MATERIA - TERMINO TEMATICO | |
| Subdivisión general | recurso extraordinario |
| 650 ## - ASIENTO SECUNDARIO DE MATERIA - TERMINO TEMATICO | |
| Subdivisión general | Operacion langostino |
| 650 ## - ASIENTO SECUNDARIO DE MATERIA - TERMINO TEMATICO | |
| Subdivisión general | recurso de queja |
| 942 ## - ELEMENTOS AGREGADOS (KOHA) | |
| Clasificación normalizada de Koha para alfabetizar | _ |
| 945 ## - INFORMACION DE PROCESAMIENTO LOCAL | |
| Responsable de carga/modificación | Celeste Delía |
| AAAA-MM-DD - Fecha de ingreso/modificación | 2015-06-03 |
| Retirado | Perdido | Dañado | No se presta | Ubicación permanente | Locación actual | Estante o sala | Fecha de adquisición | Total préstamos | Signatura topográfica | Inventario | Ultima fecha vista | Fecha del precio | Tipo de item de Koha |
|---|---|---|---|---|---|---|---|---|---|---|---|---|---|
| Bib. Derecho | Bib. Derecho | Biblioteca Graduados | 03/06/2015 | 347.957 M 815 | 300308 | 03/06/2015 | 03/06/2015 | LIBRO (Consulta) |
